000
00299nam a22001337a 4500
007
9780134335339
008
171027b xxu||||| |||| 00| 0 eng d
041
_a
eng
080
_a
336
100
_a
55
101
_a
MEN
245
_a
CORPORATE FINANCIAL MANAGEMENT
_c
EMERY.D.R
942
_2
udc
_c
BK
999
_c
36059
_d
36059